00346nam a2200133Ia 4500008004100000020001500041041001200056082001600068100001200084245006200096260002500158300000800183650002100191221030s9999 xx 000 0 und d a0074637126 aEnglish a105.23bLeo aA. Leon 0aEnterprise Resource Planning ( DEPARTMENTAL )cby A. Leon bTMHaNew Delhic2005 a308 aCSE Departmental